Μετεωρολογία

Saved in:
Bibliographic Details
Main Author: Καραπιπέρης, Λεωνίδας Ν.
Format: Book
Language:Greek
Published: Αθήνα : Ιδρυμα Ευγενίδου, 1983
Series:Βιβλιοθήκη του ναυτικού
Subjects:
Tags: Add Tag
No Tags, Be the first to tag this record!

MARC

LEADER 00000nam a2200000 i 4500
001 1/105107
008 950608s gre d
035 |l 10013530 
040 |a GR-MY-UA  |b gre  |e aacr 
041 0 |a gre 
082 0 |a 551.5 
100 1 |a Καραπιπέρης, Λεωνίδας Ν. 
245 1 0 |a Μετεωρολογία /  |c Λ. Ν. Καραπιπέρη 
260 |a Αθήνα :   |b Ιδρυμα Ευγενίδου,   |c 1983 
300 |a 174 σ. 
490 1 |a Βιβλιοθήκη του ναυτικού 
500 |a Εκπαιδευτικό κείμενο λυκείων δοκίμων αξιωματικών εμπορικού ναυτικού 
650 0 0 |a Meteorology. 
852 |a INST  |b LESVOS  |e 19950608  |h 551.5 ΚΑΡ  |p 005100005848  |q 005100005848  |t BK  |y 0 
909 |a Λ  |b 013720